Maqālāt-e-Sīrat / (Record no. 614426)
[ view plain ]
| 000 -LEADER | |
|---|---|
| fixed length control field | 01443nam a2200277 4500 |
| 040 ## - CATALOGING SOURCE | |
| Transcribing agency | NSHS |
| 082 ## - DEWEY DECIMAL CLASSIFICATION NUMBER | |
| Classification number | 297.63 |
| Author Mark | MAQ |
| 111 ## - MAIN ENTRY--MEETING NAME | |
| Meeting name or jurisdiction name as entry element | Maqālāt-e-sīrat |
| 9 (RLIN) | 129990 |
| 245 ## - TITLE STATEMENT | |
| Title | Maqālāt-e-Sīrat / |
| Statement of responsibility, etc. | tartīb wa-muqaddamah Muḥammad Miān Ṣiddīqī, Shu‘bah da‘wat-o-irshād, Idārah Taḥqīqāt-i Islāmī, Islāmābād, Jāmiʿah Islāmiyyah. |
| 246 ## - VARYING FORM OF TITLE | |
| Title proper/short title | Sirat-un-Nabi |
| 246 ## - VARYING FORM OF TITLE | |
| Title proper/short title | Maqalat-e-Seerat |
| 246 ## - VARYING FORM OF TITLE | |
| Title proper/short title | Maqalat-i Seerat |
| 246 ## - VARYING FORM OF TITLE | |
| Title proper/short title | Seerat-i Nabi |
| 246 ## - VARYING FORM OF TITLE | |
| Title proper/short title | Seeratunnabi |
| 246 ## - VARYING FORM OF TITLE | |
| Title proper/short title | Seerat-un-nabi |
| 260 ## - PUBLICATION, DISTRIBUTION, ETC. | |
| Place of publication, distribution, etc. | Islāmābād: |
| Name of publisher, distributor, etc. | Idārah Taḥqīqāt-i Islāmī, |
| Date of publication, distribution, etc. | 1989 |
| 300 ## - PHYSICAL DESCRIPTION | |
| Extent | 222 pages. |
| 500 ## - GENERAL NOTE | |
| General note | DC010725 |
| 500 ## - GENERAL NOTE | |
| General note | Religion |
| 520 ## - SUMMARY, ETC. | |
| Summary, etc. | Maqālāt-e-Sīrat is a collection of scholarly articles and essays that explore various aspects of the life and character of the Prophet Muhammad (peace be upon him). The book highlights his teachings, moral conduct, leadership, and role as a reformer of society. Each article sheds light on how his example provides guidance for both individual and communal life. It is written to deepen the reader's understanding of the Prophet’s Seerah (biography) and inspire love, respect, and practical application of his sunnah in daily life. |
| 546 ## - LANGUAGE NOTE | |
| Language note | In Urdu. |
| 600 ## - SUBJECT ADDED ENTRY--PERSONAL NAME | |
| Personal name | Muhammad (Peace be Upon Him), Prophet |
| 9 (RLIN) | 129607 |
| 700 1# - ADDED ENTRY--PERSONAL NAME | |
| Personal name | Ṣiddīqī, Muḥammad Miān |
| 9 (RLIN) | 129944 |
| 942 ## - ADDED ENTRY ELEMENTS (KOHA) | |
| Source of classification or shelving scheme | |
| Koha item type | Book |
| Withdrawn status | Lost status | Source of classification or shelving scheme | Damaged status | Not for loan | Permanent Location | Current Location | Date acquired | Full call number | Barcode | Date last seen | Price effective from | Koha item type |
|---|---|---|---|---|---|---|---|---|---|---|---|---|
| NUST School of Health Sciences (NSHS) | NUST School of Health Sciences (NSHS) | 07/18/2025 | 297.63 MAQ | NSHS-1995 | 07/18/2025 | 07/18/2025 | Book |
